[Event "Isle of Wight International"]
[Site "Ryde"]
[Date "2025.02.22"]
[Round "8.36"]
[White "Rida, Ruqayyah"]
[Black "Freeland, Alex"]
[Result "1-0"]
[WhiteElo "2101"]
[BlackElo "2025"]
[PlyCount "123"]
[EventDate "2025.02.18"]
[EventType "swiss"]
[EventRounds "9"]
[EventCountry "ENG"]
[SourceTitle "BritBase"]
[Source "John Saunders"]
[SourceDate "2025.02.21"]
[SourceVersion "1"]
[SourceVersionDate "2025.02.21"]
[SourceQuality "1"]

1. e4 e6 2. d4 d5 3. Nd2 c5 4. exd5 Qxd5 5. Ngf3 cxd4 6. Bc4 Qd8 7. O-O Nf6 8. Nb3 Nc6 9. Nbxd4 Nxd4 10. Nxd4 a6 11. Bf4 Bd6 12. Qf3 Bxf4 13. Qxf4 b5 14. Bb3 O-O 15. Rfd1 Qb6 16. Rd3 Bb7 17. Rad1 Rad8 18. c3 Rfe8 19. Re3 Qc5 20. Rde1 Nd5 21. Qe5 Qd6 22. Qxd6 Rxd6 23. Bxd5 Bxd5 24. b3 Rd7 25. f4 g6 26. Kf2 Kg7 27. g4 Rde7 28. Re5 f6 29. R5e2 e5 30. Nc2 e4 31. Ne3 Bf7 32. c4 bxc4 33. bxc4 Rc7 34. Rc1 Rec8 35. Rd2 Rc5 36. f5 a5 37. Rd4 Re8 38. Rb1 Re7 39. Rb6 Rec7 40. Rxe4 Bxc4 41. Rb2 Bd5 42. Rd4 Bf7 43. Rbd2 Rc3 44. a4 Re7 45. Nd5 Bxd5 46. Rxd5 Rc4 47. Rxa5 Rxg4 48. fxg6 hxg6 49. Ra8 Rf4+ 50. Kg3 g5 51. a5 Re3+ 52. Kg2 Rg4+ 53. Kf1 Rf3+ 54. Ke2 Rh3 55. Kd1 Rgh4 56. a6 Rxh2 57. Rd7+ Kg6 58. Rg8+ Kf5 59. a7 Rg4 60. Rd5+ Kf4 61. Rd4+ Kf3 62. a8=Q+ 1-0

[Event "Isle of Wight International"]
[Site "Ryde"]
[Date "2025.02.22"]
[Round "8.37"]
[White "Wilks, Simon"]
[Black "Skettos, Nicolas"]
[Result "1/2-1/2"]
[WhiteElo "2089"]
[BlackElo "1966"]
[PlyCount "59"]
[EventDate "2025.02.18"]
[EventType "swiss"]
[EventRounds "9"]
[EventCountry "ENG"]
[SourceTitle "BritBase"]
[Source "John Saunders"]
[SourceDate "2025.02.21"]
[SourceVersion "1"]
[SourceVersionDate "2025.02.21"]
[SourceQuality "1"]

1. e4 e6 2. d4 d5 3. Nc3 Nf6 4. Bg5 dxe4 5. Nxe4 Nbd7 6. Nf3 h6 7. Nxf6+ Nxf6 8. Be3 Ng4 9. Bf4 Bd6 10. Qd2 Bd7 11. h3 Nf6 12. Ne5 Qe7 13. Be2 Bxe5 14. dxe5 Nd5 15. Bg3 Bc6 16. c4 Nb6 17. O-O O-O 18. Qe3 Rad8 19. Rfd1 Rxd1+ 20. Rxd1 Rd8 21. Rd4 Rxd4 22. Qxd4 Qd7 23. Qe3 Qe7 24. f4 Na4 25. b3 Qc5 26. Qxc5 Nxc5 27. Bf2 b6 28. Bh4 Be4 29. Bd8 c6 30. Be7 1/2-1/2

[Event "Isle of Wight International"]
[Site "Ryde"]
[Date "2025.02.22"]
[Round "8.38"]
[White "Adams, Henry"]
[Black "Bharat Kumar, Balahari"]
[Result "0-1"]
[WhiteElo "2082"]
[BlackElo "2022"]
[PlyCount "52"]
[EventDate "2025.02.18"]
[EventType "swiss"]
[EventRounds "9"]
[EventCountry "ENG"]
[SourceTitle "BritBase"]
[Source "John Saunders"]
[SourceDate "2025.02.21"]
[SourceVersion "1"]
[SourceVersionDate "2025.02.21"]
[SourceQuality "1"]

1. d4 b6 2. e4 Bb7 3. Nc3 g6 4. Nf3 Bg7 5. h4 h6 6. Bf4 d6 7. Qd2 Nd7 8. d5 Ngf6 9. O-O-O a6 10. Re1 b5 11. a3 c6 12. dxc6 Bxc6 13. Bd3 Rc8 14. e5 dxe5 15. Nxe5 Nxe5 16. Bxe5 h5 17. f3 O-O 18. Kb1 a5 19. Qf4 Qb6 20. g4 b4 21. axb4 axb4 22. Ne4 Nxe4 23. Bxe4 Bxe4 24. Qxe4 Bxe5 25. Qxe5 b3 26. Rh2 Qa6 0-1

[Event "Isle of Wight International"]
[Site "Ryde"]
[Date "2025.02.22"]
[Round "8.39"]
[White "Brett, Andrew R"]
[Black "Hu, Junyan"]
[Result "1-0"]
[WhiteElo "2047"]
[BlackElo "1895"]
[PlyCount "81"]
[EventDate "2025.02.18"]
[EventType "swiss"]
[EventRounds "9"]
[EventCountry "ENG"]
[SourceTitle "BritBase"]
[Source "John Saunders"]
[SourceDate "2025.02.21"]
[SourceVersion "1"]
[SourceVersionDate "2025.02.21"]
[SourceQuality "1"]

1. c4 Nf6 2. Nc3 e6 3. e4 c5 4. e5 Ng8 5. Nf3 Nc6 6. d4 cxd4 7. Nxd4 Nxe5 8. Ndb5 a6 9. Nd6+ Bxd6 10. Qxd6 f6 11. Be3 Ne7 12. Bb6 Nf7 13. Ne4 Nf5 14. Qc5 Qe7 15. O-O-O Qxc5 16. Bxc5 Rb8 17. Ba7 Ra8 18. Bc5 Rb8 19. Ba7 Ra8 20. Bc5 Kd8 21. Bb6+ Ke7 22. Be2 d6 23. f4 Bd7 24. Rhe1 Rac8 25. Kb1 Rc6 26. Bf2 Re8 27. b3 Kf8 28. g4 N5h6 29. h3 f5 30. Nc3 fxg4 31. hxg4 b5 32. c5 Bc8 33. b4 d5 34. Bf3 g5 35. Be3 gxf4 36. Bxf4 Bd7 37. Be3 Rcc8 38. Rd2 Kg7 39. Rh2 e5 40. Nxd5 Re6 41. Be4 1-0

[Event "Isle of Wight International"]
[Site "Ryde"]
[Date "2025.02.22"]
[Round "8.40"]
[White "Obrochta, Lena"]
[Black "Looi, Xin Hao"]
[Result "1-0"]
[WhiteElo "1916"]
[BlackElo "2043"]
[PlyCount "81"]
[EventDate "2025.02.18"]
[EventType "swiss"]
[EventRounds "9"]
[EventCountry "ENG"]
[SourceTitle "BritBase"]
[Source "John Saunders"]
[SourceDate "2025.02.21"]
[SourceVersion "1"]
[SourceVersionDate "2025.02.21"]
[SourceQuality "1"]

1. e4 c6 2. d4 d5 3. exd5 cxd5 4. Bd3 Nc6 5. c3 Nf6 6. Bf4 g6 7. Qe2 Bf5 8. Nd2 Bg7 9. Ngf3 Bxd3 10. Qxd3 O-O 11. Be5 Nxe5 12. dxe5 Nd7 13. Qxd5 Nxe5 14. Qxd8 Rfxd8 15. Nxe5 Bxe5 16. Ke2 Kf8 17. g3 Rd7 18. Nc4 Bc7 19. Ne3 Rad8 20. Rhd1 Bb6 21. Rxd7 Rxd7 22. Nc4 Bc5 23. b4 b5 24. Na3 Bb6 25. Nxb5 Rd5 26. a4 Re5+ 27. Kf1 Rh5 28. Kg2 a6 29. Na3 Rd5 30. Ra2 Rd3 31. Nc4 Bc7 32. Rc2 Ke8 33. Nb2 Rd8 34. c4 Be5 35. c5 Bxb2 36. Rxb2 Rc8 37. Rc2 Rb8 38. c6 Ra8 39. b5 axb5 40. axb5 Kd8 41. b6 1-0

[Event "Isle of Wight International"]
[Site "Ryde"]
[Date "2025.02.22"]
[Round "8.41"]
[White "Wicken, Jack"]
[Black "Mittal, Advik"]
[Result "1-0"]
[WhiteElo "2043"]
[BlackElo "1732"]
[PlyCount "151"]
[EventDate "2025.02.18"]
[EventType "swiss"]
[EventRounds "9"]
[EventCountry "ENG"]
[SourceTitle "BritBase"]
[Source "John Saunders"]
[SourceDate "2025.02.21"]
[SourceVersion "1"]
[SourceVersionDate "2025.02.21"]
[SourceQuality "1"]

1. e4 e5 2. Nf3 Nc6 3. Bc4 Bc5 4. c3 Nf6 5. d3 O-O 6. O-O d5 7. exd5 Nxd5 8. Re1 Bg4 9. Nbd2 Nb6 10. Bb5 f6 11. Ne4 Be7 12. h3 Bf5 13. Ng3 Bg6 14. d4 exd4 15. Bxc6 bxc6 16. Nxd4 c5 17. Nc6 Qxd1 18. Nxe7+ Kf7 19. Rxd1 Kxe7 20. Be3 Nd7 21. Rd5 c4 22. Re1 Kd8 23. Red1 Bd3 24. b3 Rf7 25. Rd4 Bc2 26. Ra1 cxb3 27. axb3 Bxb3 28. Rb4 Bd5 29. Rxa7 Rxa7 30. Bxa7 c5 31. Rb5 Bc6 32. Ra5 c4 33. Bd4 g6 34. Nf1 Re7 35. Ne3 Ne5 36. Rc5 Kd7 37. Bxe5 Rxe5 38. Rxc4 Re4 39. Rc5 Re5 40. Rxe5 fxe5 41. Kf1 Bb5+ 42. c4 Bc6 43. Ke2 Kd6 44. Kd3 Kc5 45. Kc3 h6 46. g3 h5 47. h4 Bf3 48. Nf1 Be2 49. Nd2 Kd6 50. Ne4+ Ke6 51. Kb4 Kf5 52. Ng5 Kg4 53. c5 Ba6 54. c6 e4 55. Nxe4 Kf3 56. Nc5 Bc8 57. Nd3 Ke2 58. Kc3 Kf3 59. Kd2 Ke4 60. c7 Kd5 61. Nf4+ Kc6 62. Nxg6 Kxc7 63. Nf4 Bg4 64. Ke3 Kd7 65. f3 Bf5 66. Nxh5 Bb1 67. g4 Ke7 68. Kf4 Kf7 69. Kg5 Bc2 70. f4 Kf8 71. f5 Kf7 72. Nf4 Bb1 73. h5 Kg8 74. Kg6 Kf8 75. Ne6+ Ke7 76. h6 1-0

[Event "Isle of Wight International"]
[Site "Ryde"]
[Date "2025.02.22"]
[Round "8.42"]
[White "Moseley, Alan"]
[Black "Walton, Alan J"]
[Result "0-1"]
[WhiteElo "1740"]
[BlackElo "2034"]
[PlyCount "40"]
[EventDate "2025.02.18"]
[EventType "swiss"]
[EventRounds "9"]
[EventCountry "ENG"]
[SourceTitle "BritBase"]
[Source "John Saunders"]
[SourceDate "2025.02.21"]
[SourceVersion "1"]
[SourceVersionDate "2025.02.21"]
[SourceQuality "1"]

1. d4 d5 2. c4 c6 3. cxd5 cxd5 4. Bf4 Nc6 5. e3 Nf6 6. Nc3 a6 7. Be2 e6 8. h3 Bd6 9. Bxd6 Qxd6 10. f4 Ne4 11. Nxe4 dxe4 12. Qc2 f5 13. a3 Bd7 14. b4 Rc8 15. Qb2 Ne7 16. Bh5+ g6 17. Be2 Nd5 18. Kf2 Rc3 19. Rc1 Rxe3 20. g3 Rxg3 0-1

[Event "Isle of Wight International"]
[Site "Ryde"]
[Date "2025.02.22"]
[Round "8.43"]
[White "Pick, Freddie"]
[Black "Zhu, Pengxiao"]
[Result "1/2-1/2"]
[WhiteElo "1994"]
[BlackElo "1922"]
[PlyCount "104"]
[EventDate "2025.02.18"]
[EventType "swiss"]
[EventRounds "9"]
[EventCountry "ENG"]
[SourceTitle "BritBase"]
[Source "John Saunders"]
[SourceDate "2025.02.21"]
[SourceVersion "1"]
[SourceVersionDate "2025.02.21"]
[SourceQuality "1"]

1. e4 e5 2. Nf3 Nc6 3. Bb5 a6 4. Ba4 Nf6 5. O-O b5 6. Bb3 Bc5 7. c3 d6 8. d4 Bb6 9. a4 Rb8 10. a5 Ba7 11. h3 h6 12. Re1 O-O 13. Be3 Re8 14. Nbd2 exd4 15. cxd4 Nb4 16. d5 Bxe3 17. Rxe3 c5 18. dxc6 Nxc6 19. Nf1 Nxa5 20. Ng3 Nxb3 21. Qxb3 Qb6 22. Rd1 Be6 23. Qd3 Rbd8 24. Qd4 Qb7 25. Qb4 Qb6 26. Qd4 Qc6 27. Rc3 Qb7 28. Rdc1 Rd7 29. Rc6 Bc4 30. Rxd6 Rxd6 31. Qxd6 Nxe4 32. Nxe4 Rxe4 33. Nd2 Re6 34. Qd8+ Kh7 35. Nxc4 bxc4 36. Rxc4 Qxb2 37. Qd3+ g6 38. Qf3 Qa1+ 39. Kh2 Qe5+ 40. Qf4 Qxf4+ 41. Rxf4 Re7 42. Ra4 Ra7 43. Ra5 Kg7 44. Kg3 Kf6 45. Kf4 Ke6 46. h4 h5 47. g4 hxg4 48. Kxg4 Kf6 49. f4 Kg7 50. f5 Kf6 51. fxg6 fxg6 52. Kf4 Ra8 1/2-1/2

[Event "Isle of Wight International"]
[Site "Ryde"]
[Date "2025.02.22"]
[Round "8.44"]
[White "McMahon, Paul"]
[Black "Kiese, Matthias"]
[Result "1/2-1/2"]
[WhiteElo "1919"]
[BlackElo "2109"]
[PlyCount "77"]
[EventDate "2025.02.18"]
[EventType "swiss"]
[EventRounds "9"]
[EventCountry "ENG"]
[SourceTitle "BritBase"]
[Source "John Saunders"]
[SourceDate "2025.02.21"]
[SourceVersion "1"]
[SourceVersionDate "2025.02.21"]
[SourceQuality "1"]

1. e4 c5 2. Nc3 Nc6 3. f4 g6 4. Nf3 Bg7 5. Bc4 d6 6. O-O e6 7. Qe1 Nge7 8. d3 Nd4 9. Nxd4 cxd4 10. Ne2 O-O 11. Qh4 d5 12. Bb3 dxe4 13. dxe4 Nc6 14. Qxd8 Rxd8 15. Rf3 b6 16. Bd2 Ba6 17. Nc1 d3 18. Nxd3 Bxb2 19. Nxb2 Rxd2 20. Rf2 Rd4 21. Re1 Na5 22. f5 Nxb3 23. axb3 e5 24. g4 Bb5 25. c3 Rd6 26. Rd1 Rad8 27. Rd5 Rxd5 28. exd5 gxf5 29. gxf5 f6 30. c4 Bd7 31. Nd1 a5 32. Ne3 Kf7 33. Rg2 h5 34. Kf2 Rc8 35. Rg6 b5 36. Rh6 Kg7 37. Rg6+ Kf7 38. Rh6 Kg7 39. Rg6+ 1/2-1/2

[Event "Isle of Wight International"]
[Site "Ryde"]
[Date "2025.02.22"]
[Round "8.45"]
[White "Maton, Emily"]
[Black "Galvan Cipriani, Viviana"]
[Result "0-1"]
[WhiteElo "1886"]
[BlackElo "2096"]
[PlyCount "124"]
[EventDate "2025.02.18"]
[EventType "swiss"]
[EventRounds "9"]
[EventCountry "ENG"]
[SourceTitle "BritBase"]
[Source "John Saunders"]
[SourceDate "2025.02.21"]
[SourceVersion "1"]
[SourceVersionDate "2025.02.21"]
[SourceQuality "1"]

1. d4 Nf6 2. Nf3 c5 3. d5 e6 4. dxe6 fxe6 5. c4 Nc6 6. Nc3 Be7 7. g3 O-O 8. Bg2 d5 9. cxd5 exd5 10. O-O Kh8 11. Bf4 Be6 12. Ne5 Rc8 13. Nxc6 bxc6 14. Rc1 Qa5 15. Bd2 Qa6 16. b3 d4 17. Ne4 Nxe4 18. Bxe4 Qxa2 19. Bc2 Qa6 20. Ra1 Qb7 21. e3 Bf6 22. Qh5 d3 23. Bxd3 g6 24. Qxc5 Bxa1 25. Rxa1 Qf7 26. Bc3+ Kg8 27. f4 Rfd8 28. Rxa7 Rd5 29. Rxf7 Rxc5 30. Rg7+ Kf8 31. Bb4 Kxg7 32. Bxc5 Bxb3 33. Kf2 Ra8 34. Kf3 Kf7 35. e4 Ra1 36. e5 Rc1 37. Be3 Rc3 38. Ke4 Bc2 39. Bxc2 Rxc2 40. h4 Rc4+ 41. Kd3 Ra4 42. g4 Ke6 43. h5 Kd5 44. hxg6 hxg6 45. Ke2 Ra3 46. Bb6 Rg3 47. f5 Rxg4 48. fxg6 Kxe5 49. Kd3 Kd5 50. Kc3 c5 51. Bc7 Rxg6 52. Bf4 Rf6 53. Bg5 Rf3+ 54. Kc2 Kc4 55. Bh6 Rf2+ 56. Kc1 Kb3 57. Bg7 c4 58. Bd4 Rh2 59. Be5 Rh5 60. Bf4 c3 61. Kd1 Rd5+ 62. Kc1 Rf5 0-1

[Event "Isle of Wight International"]
[Site "Ryde"]
[Date "2025.02.22"]
[Round "8.46"]
[White "Duke, Michael"]
[Black "Collyer, David"]
[Result "1-0"]
[WhiteElo "2045"]
[BlackElo "1929"]
[PlyCount "43"]
[EventDate "2025.02.18"]
[EventType "swiss"]
[EventRounds "9"]
[EventCountry "ENG"]
[SourceTitle "BritBase"]
[Source "John Saunders"]
[SourceDate "2025.02.21"]
[SourceVersion "1"]
[SourceVersionDate "2025.02.21"]
[SourceQuality "1"]

1. d4 Nf6 2. c4 g6 3. h4 Bg7 4. Nc3 c5 5. d5 d6 6. e4 O-O 7. Be2 e6 8. h5 exd5 9. exd5 b5 10. cxb5 a6 11. Qa4 Re8 12. hxg6 fxg6 13. Bg5 Bb7 14. Qh4 axb5 15. Nxb5 Qa5+ 16. Kf1 Ne4 17. Qxh7+ Kf7 18. Rh4 Nd7 19. Rf4+ Ndf6 20. Nxd6+ Kf8 21. Nxe4 Rxe4 22. Bxf6 1-0

[Event "Isle of Wight International"]
[Site "Ryde"]
[Date "2025.02.22"]
[Round "8.47"]
[White "Buckland, Louis"]
[Black "Vadalia, Jainill"]
[Result "1-0"]
[WhiteElo "1919"]
[BlackElo "1998"]
[PlyCount "75"]
[EventDate "2025.02.18"]
[EventType "swiss"]
[EventRounds "9"]
[EventCountry "ENG"]
[SourceTitle "BritBase"]
[Source "John Saunders"]
[SourceDate "2025.02.21"]
[SourceVersion "1"]
[SourceVersionDate "2025.02.21"]
[SourceQuality "1"]

1. d4 Nf6 2. c4 e6 3. g3 d5 4. Bg2 Be7 5. Nf3 O-O 6. O-O b6 7. cxd5 exd5 8. Nc3 Bb7 9. Ne5 Na6 10. Bf4 c5 11. dxc5 Nxc5 12. Nb5 Ne6 13. Be3 Bc5 14. Nd4 Re8 15. a3 a5 16. Rc1 Rc8 17. Qd3 Bxd4 18. Bxd4 Qd6 19. Nf3 Nc5 20. Qd1 Ba6 21. Re1 Nfd7 22. b4 axb4 23. axb4 Ne6 24. Qb3 Rxc1 25. Rxc1 Bxe2 26. Qc3 Bc4 27. Nd2 Bb5 28. Ra1 Rd8 29. f4 Nxd4 30. Qxd4 Nf6 31. Nf3 Nd7 32. Ne5 Nxe5 33. fxe5 Qe6 34. Ra7 Bc4 35. Bf3 g6 36. Bg4 Qe8 37. e6 Rd7 38. Rxd7 1-0

[Event "Isle of Wight International"]
[Site "Ryde"]
[Date "2025.02.22"]
[Round "8.48"]
[White "Hagesaether, Arne"]
[Black "Sivanesan, Subramanian"]
[Result "1/2-1/2"]
[WhiteElo "1993"]
[BlackElo "1894"]
[PlyCount "88"]
[EventDate "2025.02.18"]
[EventType "swiss"]
[EventRounds "9"]
[EventCountry "ENG"]
[SourceTitle "BritBase"]
[Source "John Saunders"]
[SourceDate "2025.02.21"]
[SourceVersion "1"]
[SourceVersionDate "2025.02.21"]
[SourceQuality "1"]

1. d4 Nf6 2. Nf3 g6 3. g3 Bg7 4. Bg2 d6 5. O-O O-O 6. Nbd2 Nc6 7. Nc4 a5 8. a4 Ne4 9. d5 Nb8 10. Nd4 Nc5 11. Bg5 Bd7 12. Qd2 Nxa4 13. Bh6 Bxh6 14. Qxh6 b5 15. Ne3 Ra6 16. c4 Nc5 17. cxb5 Ra7 18. b4 e5 19. Nc6 Bxc6 20. bxc6 Nb3 21. Ra4 Na6 22. b5 Nb4 23. Rb1 Nd4 24. Rbxb4 axb4 25. Rxa7 b3 26. Nc4 Qb8 27. b6 cxb6 28. Rb7 Qa8 29. Qd2 Qa4 30. Nb2 Qa1+ 31. Bf1 b5 32. c7 Qa8 33. Rb6 Qa7 34. Rxd6 Qxc7 35. Qb4 Qc2 36. Qa3 b4 37. Qa1 Rc8 38. e3 Nf3+ 39. Kg2 Qe4 40. Qd1 Ne1+ 41. Kg1 Nf3+ 42. Kg2 Ng5+ 43. Kg1 Nf3+ 44. Kg2 Ng5+ 1/2-1/2

[Event "Isle of Wight International"]
[Site "Ryde"]
[Date "2025.02.22"]
[Round "8.49"]
[White "Mokhber-Garcia, Sebastian"]
[Black "Waterfield, Mark"]
[Result "1-0"]
[WhiteElo "1974"]
[BlackElo "1892"]
[PlyCount "37"]
[EventDate "2025.02.18"]
[EventType "swiss"]
[EventRounds "9"]
[EventCountry "ENG"]
[SourceTitle "BritBase"]
[Source "John Saunders"]
[SourceDate "2025.02.21"]
[SourceVersion "1"]
[SourceVersionDate "2025.02.21"]
[SourceQuality "1"]

1. d4 d5 2. c4 e6 3. Nf3 c5 4. cxd5 exd5 5. Nc3 Nc6 6. dxc5 d4 7. Ne4 Qd5 8. Nd6+ Bxd6 9. cxd6 Qxd6 10. g3 Nf6 11. Bg2 O-O 12. O-O Bg4 13. b3 Rad8 14. h3 Bf5 15. Bb2 d3 16. exd3 Bxd3 17. Re1 Ba6 18. Qxd6 Rxd6 19. Ba3 1-0

[Event "Isle of Wight International"]
[Site "Ryde"]
[Date "2025.02.22"]
[Round "8.50"]
[White "Lukhi, Neev"]
[Black "Westcott, Dale"]
[Result "1/2-1/2"]
[WhiteElo "1963"]
[BlackElo "1770"]
[PlyCount "83"]
[EventDate "2025.02.18"]
[EventType "swiss"]
[EventRounds "9"]
[EventCountry "ENG"]
[SourceTitle "BritBase"]
[Source "John Saunders"]
[SourceDate "2025.02.21"]
[SourceVersion "1"]
[SourceVersionDate "2025.02.21"]
[SourceQuality "1"]

1. d4 d5 2. Bf4 c5 3. e3 Nc6 4. Nf3 Nf6 5. Nbd2 Qb6 6. dxc5 Qxb2 7. Rb1 Qc3 8. Bb5 Bf5 9. Nd4 Bd7 10. O-O e5 11. Bxc6 bxc6 12. Bxe5 Qxc5 13. Bxf6 gxf6 14. Qf3 Rg8 15. Kh1 Rg6 16. h3 Qd6 17. Rfe1 c5 18. Nf5 Qe5 19. e4 Kd8 20. Ne3 Bd6 21. Kg1 Qh2+ 22. Kf1 d4 23. e5 Rc8 24. exd6 dxe3 25. Qxe3 Qxg2+ 26. Ke2 Be6 27. Nf3 Qxh3 28. Qc3 Ke8 29. Qe3 Kf8 30. Kd1 Bg4 31. Qe7+ Kg7 32. d7 Qxf3+ 33. Kc1 Qf4+ 34. Re3 Bxd7 35. Qxd7 Rc7 36. Qd1 Qxf2 37. Rf3 Qh2 38. Kb2 Rb7+ 39. Ka3 Rxb1 40. Qxb1 Rg3 41. Qb3 Rxf3 42. Qxf3 1/2-1/2

[Event "Isle of Wight International"]
[Site "Ryde"]
[Date "2025.02.22"]
[Round "8.51"]
[White "Ward, Cian"]
[Black "Rastogi, Nayan Keats"]
[Result "1/2-1/2"]
[WhiteElo "1866"]
[BlackElo "1843"]
[PlyCount "42"]
[EventDate "2025.02.18"]
[EventType "swiss"]
[EventRounds "9"]
[EventCountry "ENG"]
[SourceTitle "BritBase"]
[Source "John Saunders"]
[SourceDate "2025.02.21"]
[SourceVersion "1"]
[SourceVersionDate "2025.02.21"]
[SourceQuality "1"]

1. e4 c5 2. Nf3 d6 3. Bb5+ Bd7 4. Bxd7+ Qxd7 5. O-O Nf6 6. Re1 Nc6 7. c3 e6 8. d4 cxd4 9. cxd4 d5 10. e5 Ne4 11. a3 Be7 12. Qd3 O-O 13. Nbd2 Nxd2 14. Bxd2 Qc7 15. Re3 Qb6 16. Bc3 g6 17. h4 h5 18. Kh1 Kg7 19. Rg1 Rh8 20. Ree1 Bd8 21. g3 Ne7 1/2-1/2

[Event "Isle of Wight International"]
[Site "Ryde"]
[Date "2025.02.22"]
[Round "8.52"]
[White "Rzepka, Marcin"]
[Black "Sui, Yueyue"]
[Result "0-1"]
[WhiteElo "1750"]
[BlackElo "1805"]
[PlyCount "116"]
[EventDate "2025.02.18"]
[EventType "swiss"]
[EventRounds "9"]
[EventCountry "ENG"]
[SourceTitle "BritBase"]
[Source "John Saunders"]
[SourceDate "2025.02.21"]
[SourceVersion "1"]
[SourceVersionDate "2025.02.21"]
[SourceQuality "1"]

1. d4 Nf6 2. c4 e6 3. Nf3 d5 4. g3 dxc4 5. Nc3 c5 6. dxc5 Qxd1+ 7. Nxd1 Bxc5 8. Bg2 Nc6 9. a3 Bd7 10. Be3 Bxe3 11. Nxe3 c3 12. bxc3 O-O 13. O-O Rfd8 14. Rab1 b6 15. Nd4 Nxd4 16. cxd4 Rac8 17. Rfc1 Rxc1+ 18. Rxc1 Rc8 19. Rxc8+ Bxc8 20. Kf1 Kf8 21. Ke1 Ke7 22. Kd2 Ba6 23. h3 Kd6 24. Nc2 Bc8 25. Ne3 Ke7 26. Nc4 Nd7 27. Kc3 Ba6 28. e3 Bxc4 29. Kxc4 a6 30. Bb7 Nb8 31. f4 Kd6 32. g4 g6 33. h4 b5+ 34. Kc3 Kc7 35. Be4 Nd7 36. g5 Nb6 37. Kb4 Nc4 38. d5 Nxe3 39. dxe6 fxe6 40. h5 Nd5+ 41. Bxd5 exd5 42. hxg6 hxg6 43. Kc5 d4 44. Kxd4 Kd6 45. Kc3 a5 46. Kd4 Ke6 47. Kc5 b4 48. axb4 axb4 49. Kxb4 Kf5 50. Kc3 Kxf4 51. Kd3 Kxg5 52. Ke2 Kg4 53. Kf1 Kf3 54. Kg1 g5 55. Kf1 g4 56. Kg1 Kg3 57. Kh1 Kf2 58. Kh2 g3+ 0-1

[Event "Isle of Wight International"]
[Site "Ryde"]
[Date "2025.02.22"]
[Round "8.53"]
[White "Chilton, James I"]
[Black "Ding, Yiwen"]
[Result "0-1"]
[WhiteElo "1799"]
[BlackElo "1772"]
[PlyCount "58"]
[EventDate "2025.02.18"]
[EventType "swiss"]
[EventRounds "9"]
[EventCountry "ENG"]
[SourceTitle "BritBase"]
[Source "John Saunders"]
[SourceDate "2025.02.21"]
[SourceVersion "1"]
[SourceVersionDate "2025.02.21"]
[SourceQuality "1"]

1. d4 Nf6 2. c4 e6 3. Nf3 d5 4. Nc3 Be7 5. Bf4 Nbd7 6. e3 O-O 7. Bd3 dxc4 8. Bxc4 a6 9. Bd3 c5 10. O-O b5 11. Ne5 Bb7 12. Rc1 cxd4 13. exd4 Nb6 14. Re1 Rc8 15. Qd2 Nbd5 16. Nxd5 Qxd5 17. f3 Qxd4+ 18. Kh1 Rcd8 19. Rcd1 Bb4 20. Qe3 Qxe3 21. Rxe3 Nd5 22. Re4 f5 23. Rd4 Bc5 24. Bc2 Bxd4 25. Rxd4 Nxf4 26. Rxf4 Rc8 27. Bd1 Rfd8 28. h3 Rxd1+ 29. Kh2 Rd5 0-1

[Event "Isle of Wight International"]
[Site "Ryde"]
[Date "2025.02.22"]
[Round "8.54"]
[White "Sasikumar, Srivathsan"]
[Black "Li, Harvey"]
[Result "1-0"]
[WhiteElo "1992"]
[BlackElo "1766"]
[PlyCount "45"]
[EventDate "2025.02.18"]
[EventType "swiss"]
[EventRounds "9"]
[EventCountry "ENG"]
[SourceTitle "BritBase"]
[Source "John Saunders"]
[SourceDate "2025.02.21"]
[SourceVersion "1"]
[SourceVersionDate "2025.02.21"]
[SourceQuality "1"]

1. e4 e6 2. d4 d5 3. Be3 dxe4 4. Nd2 Nf6 5. c3 b6 6. g3 Bb7 7. Bg2 Nbd7 8. Qc2 c5 9. Nxe4 Bd5 10. Ne2 cxd4 11. Bxd4 Nc5 12. Bxf6 gxf6 13. Rd1 f5 14. Nxc5 bxc5 15. Bxd5 exd5 16. Qxf5 Bg7 17. O-O Qd7 18. Qxd5 Qxd5 19. Rxd5 O-O 20. Rxc5 Rab8 21. b4 Rfe8 22. Nf4 Rbd8 23. a3 1-0

[Event "Isle of Wight International"]
[Site "Ryde"]
[Date "2025.02.23"]
[Round "9.1"]
[White "Cheng, Bobby Sky"]
[Black "Wadsworth, Matthew J"]
[Result "1/2-1/2"]
[WhiteElo "2594"]
[BlackElo "2489"]
[PlyCount "91"]
[EventDate "2025.02.18"]
[EventType "swiss"]
[EventRounds "9"]
[EventCountry "ENG"]
[SourceTitle "BritBase"]
[Source "John Saunders"]
[SourceDate "2025.02.21"]
[SourceVersion "1"]
[SourceVersionDate "2025.02.21"]
[SourceQuality "1"]

1. d4 d5 2. c4 c6 3. Nf3 Nf6 4. Nc3 dxc4 5. g3 e6 6. Bg2 b5 7. Ne5 Qb6 8. O-O a5 9. e4 Nbd7 10. Be3 Bb7 11. d5 Bc5 12. Nxc4 bxc4 13. Na4 Qb5 14. dxe6 fxe6 15. Nxc5 Nxc5 16. Qd6 Nd3 17. Qxe6+ Kf8 18. Qd6+ Ke8 19. Qe6+ Kf8 20. Qd6+ Ke8 21. Qc7 Kf8 22. b3 Ne8 23. Qd7 Bc8 24. Qd8 Bb7 25. Qd7 Bc8 26. bxc4 Qxc4 27. Qd8 Bb7 28. Qd7 Bc8 29. Qd8 Bb7 30. Qh4 Nf6 31. Rfd1 Ba6 32. Bf1 Rd8 33. Rac1 Qxe4 34. Qxe4 Nxe4 35. Rxc6 Bb5 36. Rc7 a4 37. f3 Nf6 38. Bc5+ Kg8 39. Bxd3 Bxd3 40. Be7 Rd5 41. Bxf6 gxf6 42. Re1 Rd8 43. Rd1 Rd5 44. Re1 Rd8 45. Rd1 Rd5 46. Rc3 1/2-1/2

[Event "Isle of Wight International"]
[Site "Ryde"]
[Date "2025.02.23"]
[Round "9.2"]
[White "Bogner, Sebastian"]
[Black "Larkin, Vladyslav"]
[Result "1-0"]
[WhiteElo "2540"]
[BlackElo "2441"]
[PlyCount "95"]
[EventDate "2025.02.18"]
[EventType "swiss"]
[EventRounds "9"]
[EventCountry "ENG"]
[SourceTitle "BritBase"]
[Source "John Saunders"]
[SourceDate "2025.02.21"]
[SourceVersion "1"]
[SourceVersionDate "2025.02.21"]
[SourceQuality "1"]

1. d4 Nf6 2. c4 e6 3. Nf3 Bb4+ 4. Bd2 a5 5. g3 b6 6. Bg2 Bb7 7. O-O O-O 8. a3 Bxd2 9. Qxd2 d6 10. Qd3 Be4 11. Qe3 Nbd7 12. Nc3 Bb7 13. Qd3 e5 14. e4 Re8 15. Rfe1 a4 16. Qc2 exd4 17. Nxd4 Nc5 18. Rad1 Nfd7 19. f4 Qb8 20. Ndb5 Nf8 21. Nd4 Nfe6 22. Nf5 f6 23. Nd5 Kh8 24. Qc3 Rf8 25. h4 Qe8 26. Bf3 Qf7 27. h5 Rae8 28. h6 g6 29. Nfe3 Bxd5 30. cxd5 Nd8 31. Ng4 Kg8 32. Kg2 g5 33. fxg5 fxg5 34. e5 dxe5 35. Nxe5 Qf6 36. Bh5 Re7 37. Ng4 Qxc3 38. bxc3 Re4 39. Rf1 Re2+ 40. Kh3 Ra2 41. Rxf8+ Kxf8 42. Re1 Nf7 43. Rf1 Ke7 44. Rxf7+ Kd6 45. Rxh7 Ne4 46. Rf7 Nxc3 47. h7 Ne2 48. Ne3 1-0